| 000 | 00329nam a22001337a 4500 | ||
|---|---|---|---|
| 020 | _qHB. | ||
| 040 | _cFIZZA ISHAQ | ||
| 082 |
_a628.144 _bLAR |
||
| 100 |
_aMAYS,W LARRY. _989140 |
||
| 245 |
_aWATER DISTRIBUTION SYSTEM / _cLARRY W.MAYS. |
||
| 260 |
_aNEW YORK ; _bMC GRAW HILL, _c2000. |
||
| 300 | _a1852 P. ; | ||
| 942 |
_2ddc _cBK |
||
| 999 |
_c587960 _d587960 |
||